[Event "5th Rohde Open"]
[Site "Sautron FRA"]
[Date "2005.10.26"]
[Round "5"]
[White "Raetsky,A"]
[Black "Vinsot,R"]
[Result "1-0"]
[WhiteElo "2446"]
[BlackElo "2094"]

1.d4 Nf6 2.c4 e6 3.g3 c5 4.Nf3 b6 5.Bg2 Bb7 6.d5 exd5 7.Nh4 g6 8.Nc3 Bg7
9.O-O O-O 10.Bg5 h6 11.Bxf6 Bxf6 12.Nxg6 Re8 13.Nf4 Na6 14.Ncxd5 Bxd5 15.Bxd5 Rb8
16.Qd3  1-0

[Event "SCG First League m"]
[Site "Vrnjacka Banja SCG"]
[Date "2005.10.26"]
[Round "10"]
[White "Benkovic,P"]
[Black "Popov,Si1"]
[Result "0-1"]
[WhiteElo "2433"]
[BlackElo "2476"]

1.d4 Nf6 2.c4 e6 3.g3 c5 4.d5 exd5 5.cxd5 d6 6.Nc3 g6 7.Bf4 a6 8.Bg2 Qe7
9.a4 Bg7 10.Nf3 O-O 11.O-O Nbd7 12.Re1 Ng4 13.Bg5 f6 14.Bc1 Nge5 15.Nd2 f5
16.f4 Ng4 17.Nc4 Rb8 18.h3 b5 19.axb5 axb5 20.Na5 Ne3 21.Nc6 Qe8 22.Bxe3 Qxe3+
23.Kh2 Rb7 24.Qd3 Qxd3 25.exd3 b4 26.Nd1 Nb6 27.Ra2 c4 28.Nxb4 Nd7 29.Nc6 cxd3
30.b4 h5 31.Rd2 h4 32.gxh4 Bh6 33.Kg3 Nf6 34.Bf3 Ne4+ 35.Bxe4 fxe4 36.Rxe4 Rbf7
37.Rf2 Ba6 38.Nc3 d2 39.Nd1 Bb5 40.Ne3 Ba4 41.Ne7+ Kh7 42.Rxd2 Rxf4 43.Rxf4 Bxf4+
44.Kg2 Bxe3 45.Ra2 Bd1 46.Ra3 Bb6 47.Nc6 Rf2+ 48.Kg3 Rd2 49.Ne7 Bf2+  0-1

[Event "ch-CRO"]
[Site "Vukovar CRO"]
[Date "2005.11.08"]
[Round "2"]
[White "Sulava,N"]
[Black "Hulak,K"]
[Result "1/2-1/2"]
[WhiteElo "2493"]
[BlackElo "2507"]

1.d4 Nf6 2.c4 e6 3.g3 c5 4.Nf3 cxd4 5.Nxd4 Bb4+ 6.Bd2 Be7 7.Bg2 Nc6 8.Nb3 d5
9.cxd5 exd5 10.O-O O-O 11.Bg5 Bg4 12.h3 Bf5 13.Nc3 d4 14.Bxf6 Bxf6 15.Nd5 Be5
16.Nc5 Bxh3 17.Nxb7 Qd7 18.Nc5 Qc8 19.Qa4 Bxg2 20.Kxg2 Rd8 21.Nd3 Qb7 22.Nc5 Qc8
23.Rac1 Rxd5 24.Nd3 Qf5 25.Qxc6 Rad8 26.Rc5 Rxc5 27.Nxc5 Bb8 28.b4 h5 29.Qf3 Qe5
30.Rh1 g6 31.Nd3 Qe6 32.a4 Re8 33.Rh4 Qe7 34.a5 f5 35.Nc5 Qd6 36.Rh1 Bc7
37.Nd3 Qe6 38.Rc1 Qf7 39.Qb7 Re7 40.Qxa7 f4 41.Qxd4 fxg3 42.Qc4 gxf2 43.Qxf7+ Kxf7
44.Nxf2 g5 45.Rc5 Bd6 46.Rb5 Rxe2 47.a6 Ra2 48.Ra5 Rxa5 49.bxa5 Bb8 50.Ne4 g4
51.Nd6+ Ke6 52.Nb5 Kd5 53.a7 Bxa7 54.Nxa7 Kc5  1/2-1/2

[Event "TCh-NED 2005-6"]
[Site "Netherlands NED"]
[Date "2005.11.26"]
[Round "4"]
[White "Gustafsson,J"]
[Black "Pedersen,Nic"]
[Result "1-0"]
[WhiteElo "2615"]
[BlackElo "2496"]

1.d4 Nf6 2.c4 e6 3.g3 c5 4.Nf3 cxd4 5.Nxd4 d5 6.Bg2 e5 7.Nf3 d4 8.O-O Nc6
9.e3 Be7 10.exd4 exd4 11.Bf4 O-O 12.Ne5 Bd7 13.Nd2 Nxe5 14.Bxe5 Bc6 15.Nb3 Bxg2
16.Kxg2 d3 17.Bd4 a5 18.Qxd3 a4 19.Nd2 Bc5 20.Nf3 Ra6 21.Qc3 Bxd4 22.Qxd4 Rd6
23.Qf4 Qb6 24.c5 Qxc5 25.Qxa4 b5 26.Qf4 Rfd8 27.Rac1 Qd5 28.Rc2 Qa8 29.Kg1 Nd5
30.Qd4 Nf6 31.Qc5 Rd5 32.Qa3 Qxa3 33.bxa3 Rd3 34.Ne5 Rxa3 35.Rb1 h6 36.Rxb5 Rda8
37.Rbb2 Nd5 38.Nc4 R3a4 39.Rb5 Nc7 40.Rb7 Ne6 41.Nd6 Rxa2 42.Rxa2 Rxa2 43.Nxf7 Nc5
44.Rc7 Ne6 45.Re7 Kf8 46.Rxe6 Kxf7 47.Re5 Kf6 48.Rb5 Rc2 49.Kg2 Ra2 50.h4 Rc2
51.Ra5 Rb2 52.g4 Rb3 53.Ra7 Rc3 54.Ra6+ Kf7 55.Ra5 Rb3 56.Rf5+ Ke6 57.f3 Rb4
58.Ra5 Kf6 59.Kg3 Rc4 60.Ra6+ Kf7 61.Ra7+ Kf6 62.Ra3 Rb4 63.Re3 Ra4 64.Re4 Ra3
65.Rb4 Ra1 66.Kf4 Ra5 67.Rc4 Rb5 68.Ra4 Rc5 69.Ra6+ Kf7 70.Ke4 Rc4+ 71.Kf5 Rc5+
72.Kf4 Rc4+ 73.Kg3 Rb4 74.Rc6 Ra4 75.Rc5 Kf6 76.Rf5+ Ke6 77.Rf4 Ra3 78.g5 hxg5
79.hxg5 Ra1 80.Kg4 Rh1 81.Ra4 Kf7 82.Ra7+ Kg6 83.Ra6+ Kh7 84.Kf5 Rb1 85.Ra7 Rb5+
86.Kg4 Kg6 87.f4 Rb4 88.Re7 Ra4 89.Rb7 Rc4 90.Rb6+ Kh7 91.Kf5 Rc5+ 92.Ke6 Kg6
93.Ke7+ Kh7 94.Ke6 Kg6 95.Rd6 Rf5 96.Rd4 Ra5 97.Ke7 Rf5 98.Re4 Ra5 99.Re6+ Kh7
100.Kf7 Rf5+ 101.Rf6 Ra5 102.Rh6+  1-0

[Event "5th Amplico AIG Life"]
[Site "Warsaw POL"]
[Date "2005.12.17"]
[Round "4"]
[White "Miton,K"]
[Black "Zubov,A UKR"]
[Result "0-1"]
[WhiteElo "2636"]
[BlackElo "2493"]

1.d4 Nf6 2.c4 e6 3.g3 c5 4.d5 exd5 5.cxd5 d6 6.Nc3 g6 7.Bg2 Bg7 8.Nf3 O-O
9.O-O Re8 10.Bf4 Qb6 11.Qb3 Nbd7 12.Nd2 Nh5 13.Qxb6 Nxb6 14.Bxd6 Bxc3 15.bxc3 Rxe2
16.Ne4 Bh3 17.Bxh3 Rxe4 18.Bxc5 Nxd5 19.Bd4 Re7 20.Rfe1 Rc7 21.Rac1 Ng7 22.Red1 Ne6
23.Be5 Rd7 24.Bg2 Rad8 25.c4 Nb4 26.Rxd7 Rxd7 27.Bf6 Nd3 28.Rb1 b6 29.Bd5 Nc7
30.Bf3 Rd6 31.Bg5 f6 32.Be3 Ne5 33.Be2 Ne6 34.a4 Nd4 35.Bf1 Ndf3+ 36.Kg2 Nd2
37.Rc1 Nxf1 38.Kxf1 Rc6 39.Rd1 Rxc4 40.Rd8+ Kf7 41.Ra8 Rc7 42.Bf4 Ke6 43.Ke2 Kd5
44.Be3 Ke4 45.Kd1 Kd3 46.Rd8+ Rd7 47.Rc8 Nc4 48.Bc1 Kc3+ 49.Ke2 Kb3 50.h4 Re7+
51.Kf3 Ne5+ 52.Ke4 Kxa4 53.Kd5 Kb5 54.Kd6 Rb7 55.Ke6 Nd3 56.Be3 f5 57.h5 Nc5+
58.Kf6 Ne4+ 59.Ke6 a5 60.h6 a4 61.Ra8 Nc5+ 62.Kf6 Rd7 63.Bf4 Kc4 64.Be5 b5
65.Rg8 b4  0-1

[Event "Master Open"]
[Site "Zurich SUI"]
[Date "2005.12.29"]
[Round "5"]
[White "Carron,J"]
[Black "Kveinys,A"]
[Result "1/2-1/2"]
[WhiteElo "2314"]
[BlackElo "2525"]

1.d4 Nf6 2.c4 e6 3.g3 c5 4.d5 exd5 5.cxd5 d6 6.Nc3 g6 7.Nf3 Bg7 8.Bg2 O-O
9.O-O a6 10.a4 Nbd7 11.Bf4 Qe7 12.h3 Nh5 13.Bg5 Qe8 14.Qc1 f5 15.Bh6 Ne5
16.Bxg7 Nxf3+ 17.exf3 Nxg7 18.Qf4 Qd8 19.b4 b6 20.bxc5 bxc5 21.Rab1 Ra7 22.Rfe1 Re8
23.Bf1 Rxe1 24.Rxe1 Rb7 25.Qe3 Rb3 26.Bc4 Rb4 27.Bf1 Rb3 28.Bc4 Rb4 29.Bf1  1/2-1/2

[Event "Xstrata ch-AUS 2006"]
[Site "Brisbane AUS"]
[Date "2005.12.31"]
[Round "4"]
[White "Pyke,M"]
[Black "Schmaltz,R"]
[Result "0-1"]
[WhiteElo "2126"]
[BlackElo "2544"]

1.d4 Nf6 2.c4 e6 3.g3 c5 4.Nf3 cxd4 5.Nxd4 Qc7 6.b3 a6 7.Bg2 Be7 8.O-O O-O
9.Bb2 Nc6 10.Nc3 d6 11.Rc1 Ne5 12.Qd2 Bd7 13.Rfd1 Rfd8 14.a3 Rac8 15.e4 Qb8
16.Qe2 Ng6 17.f4 h5 18.f5 Ne5 19.fxe6 fxe6 20.Kh1 Ng6 21.Nf3 h4 22.Nxh4 Nxh4
23.gxh4 Rc5 24.Bf3 Rf8 25.Rg1 Qe8 26.Rg5 Rxg5 27.hxg5 Nh7 28.h4 Rf4 29.Qf2 Qf7
30.Rf1 Bxg5 31.hxg5 Nxg5 32.Qg3 Nxf3  0-1

[Event "Keres Mem Women"]
[Site "Tallin EST"]
[Date "2006.01.12"]
[Round "7"]
[White "Grabuzova,T"]
[Black "Batyte,D"]
[Result "1-0"]
[WhiteElo "2355"]
[BlackElo "2162"]

1.d4 Nf6 2.c4 e6 3.g3 c5 4.d5 exd5 5.cxd5 b5 6.Bg2 d6 7.e4 Nbd7 8.Ne2 g6
9.Qc2 Bg7 10.Bf4 Qe7 11.Nd2 O-O 12.O-O Ba6 13.Rfe1 Ng4 14.a4 g5 15.Bh3 gxf4
16.Bxg4 Ne5 17.Bf5 f3 18.Nf4 b4 19.Re3 c4 20.Nxf3 Nxf3+ 21.Rxf3 Qe5 22.Rb1 Rab8
23.Nh5 c3 24.Nxg7 Kxg7 25.bxc3 bxc3 26.Rxb8 Rxb8 27.Rxc3 Rb4 28.Kg2 Qd4 29.Qc1 h6
30.Rc7 Rb2 31.Rxf7+ Kxf7 32.Qc7+  1-0

[Event "4th Parsvnath Open"]
[Site "New Delhi IND"]
[Date "2006.01.19"]
[Round "7"]
[White "Sivanandan,B"]
[Black "Satyapragyan,S"]
[Result "0-1"]
[WhiteElo "2452"]
[BlackElo "2403"]

1.d4 Nf6 2.c4 e6 3.g3 c5 4.Nf3 cxd4 5.Nxd4 Nc6 6.Bg2 Qb6 7.Nc2 Be7 8.Nc3 O-O
9.O-O a6 10.b3 Qc7 11.e4 b6 12.Be3 Bb7 13.Rc1 d6 14.f4 Rfe8 15.Qe2 Bf8 16.Qf2 Nd7
17.Rfd1 Rab8 18.Nd5 exd5 19.cxd5 Nc5 20.dxc6 Qxc6 21.Nd4 Qd7 22.e5 Rbd8 23.Ne2 a5
24.Nc3 Bxg2 25.Qxg2 Qc8 26.Na4 dxe5 27.Nxb6 Rxd1+ 28.Rxd1 Qe6 29.Nd5 exf4
30.Bxf4 Rd8 31.Bc7 Rd7 32.Bxa5 Ne4 33.Ne3  0-1

[Event "4th Parsvnath Open"]
[Site "New Delhi IND"]
[Date "2006.01.19"]
[Round "7"]
[White "Raetsky,A"]
[Black "Kotsur,P"]
[Result "0-1"]
[WhiteElo "2431"]
[BlackElo "2570"]

1.d4 Nf6 2.c4 e6 3.g3 c5 4.Nf3 cxd4 5.Nxd4 d5 6.Bg2 e5 7.Nf3 d4 8.O-O Nc6
9.e3 Be7 10.exd4 exd4 11.Bf4 Be6 12.Ne5 Rc8 13.Nd2 O-O 14.Re1 Qb6 15.b3 Bb4
16.a3 Bc3 17.Ra2 a5 18.h3 Rfe8 19.g4 Nb8 20.Qf3 Nc6 21.Rd1 Nxe5 22.Bxe5 Nd7
23.Bf4 Nc5 24.Rb1 Bd7 25.b4 Bc6 26.Qg3 axb4 27.axb4 Bxd2 28.Rxd2 Bxg2 29.Qxg2 Nd7
30.c5 Qf6  0-1

[Event "Winter Open"]
[Site "Belgrade SCG"]
[Date "2006.01.26"]
[Round "6"]
[White "Nenezic,Z"]
[Black "Tasic,Z"]
[Result "0-1"]
[WhiteElo "1892"]
[BlackElo "2188"]

1.d4 Nf6 2.c4 e6 3.g3 c5 4.d5 exd5 5.cxd5 d6 6.Nc3 g6 7.Bg5 Bg7 8.h4 h6 9.Bd2 Qe7
10.Bg2 Bf5 11.f3 Na6 12.e4 Nb4 13.Kf1 Bd7 14.Be3 Nh5 15.Nge2 f5 16.Kg1 O-O
17.a3 Na6 18.Qd2 Kh7 19.Re1 Nxg3 20.Nxg3 f4 21.Bf2 fxg3 22.Bxg3 Bd4+ 23.Bf2 Bxf2+
24.Qxf2 Qe5 25.Bh3 Rad8 26.Kg2 Nb8 27.Qg3 Rf4 28.Ne2 Rdf8 29.Nxf4 Rxf4 30.Re2 Bb5
31.Rd2 Na6 32.Re1 c4 33.Qf2 Nc5 34.Qd4 Nd3 35.Rxd3 cxd3 36.Qxe5 dxe5 37.Rd1 Kg7
38.Kg3 Kf6 39.Bf1 Ke7 40.Bxd3 Bd7 41.Rc1 Kd6 42.Rc3 g5 43.hxg5 hxg5 44.Rc2 g4
45.Rf2 Kc5 46.Be2 gxf3 47.Bxf3 Kd4 48.Bg2 Rg4+ 49.Kh2 Rg7 50.Rc2 Bb5 51.Rd2+ Ke3
52.Rc2 Bd3 53.Rc3 Kd4 54.d6 Rd7 55.Rc7 Rxd6 56.Rxb7 a6 57.Kg1 Rg6 58.Kf2 Rxg2+  0-1

[Event "Gibtelecom Masters"]
[Site "Gibraltar ENG"]
[Date "2006.01.29"]
[Round "6"]
[White "Gokhale,A"]
[Black "Spraggett,K"]
[Result "0-1"]
[WhiteElo "2198"]
[BlackElo "2581"]

1.d4 Nf6 2.c4 e6 3.g3 c5 4.d5 exd5 5.cxd5 d6 6.Nc3 g6 7.Nf3 Bg7 8.Bg2 O-O
9.O-O Na6 10.Nd2 Nc7 11.Nc4 Re8 12.Bf4 Bf8 13.e4 b5 14.Na5 b4 15.Nc6 Qd7
16.Bg5 Nh5 17.Na4 Bb7 18.Rc1 Bxc6 19.dxc6 Qe6 20.f4 Nb5 21.f5 Qe5 22.Kh1 Nd4
23.g4 Nf6 24.Bf4 Qe7 25.Re1 Nxc6 26.e5 Nxe5 27.Bxe5 dxe5 28.Bxa8 Rxa8 29.Nxc5 Bh6
30.Rc2 Rd8 31.Qf3 Rc8 32.fxg6 hxg6 33.Rf1 Bg5 34.Ne4 Rxc2 35.Nxg5 Kg7 36.Nxf7 e4
37.Qh3 e3 38.Qh8+ Kxf7 39.Qh7+ Ke6 40.Rxf6+ Qxf6 41.Qg8+ Qf7  0-1

[Event "US Amateur Team East"]
[Site "Parsippany USA"]
[Date "2006.02.20"]
[Round "5"]
[White "Ippolito,D"]
[Black "Fernandez,D USA"]
[Result "1/2-1/2"]
[WhiteElo "2414"]
[BlackElo "2423"]

1.d4 Nf6 2.c4 e6 3.g3 c5 4.Nf3 cxd4 5.Nxd4 Nc6 6.Bg2 a6 7.O-O Qc7 8.b3 Be7
9.Bb2 b6 10.Nxc6 dxc6 11.Nd2 Bb7 12.Qc2 c5 13.Be5 Qc8 14.Ne4 Nxe4 15.Bxe4 Bxe4
16.Qxe4 O-O 17.Rad1 Ra7 18.e3 Rd7 19.Qg4 g6 20.Rxd7 Qxd7 21.Rd1 Qc6 22.h4 f6
23.Bc3 Rd8 24.Rxd8+ Bxd8 25.e4 Qd7 26.Kg2 Kf7 27.Qf4 Qd3 28.Qf3 Qxf3+ 29.Kxf3 f5
30.Be5 Ke7 31.Kf4 Kd7 32.f3 Be7 33.Bb8 Bf6 34.Be5 Be7 35.a4 Bd8 36.Bg7 Ke8
37.Bc3 Bc7+ 38.Be5 Bd8 39.Bd6 Kd7 40.Be5 a5 41.Bg7 Ke8 42.Bc3 Kd7 43.Be1 Bf6
44.e5 Bd8 45.g4 Ke8 46.g5  1/2-1/2

[Event "Festival de Meurthe-et-Moselle A"]
[Site "Nancy FRA"]
[Date "2006.02.21"]
[Round "2"]
[White "Govciyan,P"]
[Black "Cioara,A"]
[Result "1-0"]
[WhiteElo "2368"]
[BlackElo "2440"]

1.d4 Nf6 2.c4 e6 3.g3 c5 4.Nf3 cxd4 5.Nxd4 Nc6 6.Bg2 d5 7.O-O Qb6 8.Nxc6 bxc6
9.Nc3 Be7 10.cxd5 cxd5 11.e4 O-O 12.exd5 Rd8 13.Be3 Qa5 14.Bd2 Rb8 15.d6 Bxd6
16.Nd5 Qb5 17.a4 Qe8 18.Nxf6+ gxf6 19.Ba5 Rd7 20.Bc6 Be5 21.Qg4+ Kh8 22.Rad1 Rxb2
23.Rfe1 Qe7 24.Bxd7 Bxd7 25.Rxe5 fxe5 26.Bc3 Rb7 27.Bxe5+ f6 28.Qf3  1-0

[Event "Festival de Meurthe-et-Moselle A"]
[Site "Nancy FRA"]
[Date "2006.02.24"]
[Round "7"]
[White "Govciyan,P"]
[Black "Adrian,C"]
[Result "1-0"]
[WhiteElo "2368"]
[BlackElo "2278"]

1.d4 Nf6 2.c4 e6 3.g3 c5 4.d5 exd5 5.cxd5 d6 6.Bg2 b5 7.b4 Nbd7 8.Nc3 a5
9.bxc5 b4 10.c6 bxc3 11.cxd7+ Bxd7 12.Nf3 Be7 13.O-O O-O 14.Nd4 Rc8 15.Ba3 Re8
16.Rc1 Qb6 17.Qd3 Ng4 18.Nc6 Bf6 19.Bxd6 Bxc6 20.dxc6 Rcd8 21.Rb1 Qd4 22.Qxd4 Bxd4
23.c7 Bxf2+ 24.Kh1 c2 25.cxd8=Q Rxd8 26.Rbc1 Rxd6 27.Rxc2 Rd8 28.Rb1 h5 29.Bh3 g6
30.Bxg4 hxg4 31.Kg2 Be3 32.Rb3 Re8 33.h3 gxh3+ 34.Kxh3 Re5 35.Kg2 Kg7 36.Kf3 Ba7
37.e4 Bg1 38.Rb1 Bd4 39.Rd1 Rc5 40.Rxc5 Bxc5 41.Rd5 Bb4 42.e5 Bc3 43.Rc5 Bb4
44.Rb5 Kf8 45.Rb7 Bc3 46.Ke4 Be1 47.g4 Bd2 48.Kd5 Kg8 49.e6 fxe6+ 50.Kxe6 Bc3
51.Rc7 Bb2 52.a4 Bd4 53.Rc4 Be3 54.Kf6 g5 55.Rc8+ Kh7 56.Kf7 Bf2 57.Ra8 Be1
58.Re8 Bg3 59.Re3 Bf2 60.Re5  1-0

[Event "TCh-CZE Extraliga 2005-6"]
[Site "Czech Rep CZE"]
[Date "2006.02.26"]
[Round "9"]
[White "Hausner,I"]
[Black "Navara,D"]
[Result "0-1"]
[WhiteElo "2416"]
[BlackElo "2660"]

1.d4 Nf6 2.c4 e6 3.g3 c5 4.Nf3 cxd4 5.Nxd4 Qc7 6.Bg2 Qxc4 7.O-O Nc6 8.Nxc6 bxc6
9.Nc3 Be7 10.Bf4 O-O 11.Rc1 Qb4 12.Qc2 Ba6 13.Rfd1 d5 14.e4 Rfd8 15.Bf3 d4
16.e5 dxc3 17.bxc3 Qc4 18.exf6 Bxf6 19.Qb3 Rac8 20.Rxd8+ Bxd8 21.Be3 c5 22.Qa3 Bb6
23.Bg2 Bb5 24.Qb3 Kf8 25.Rb1 Qxb3 26.axb3 Bd3 27.Rb2 Ke7 28.Bf1 Rd8 29.Bxd3 Rxd3
30.c4 Rd1+ 31.Kg2 Kd6 32.Bf4+ Ke7 33.Be3 a5 34.Kf3 Ra1 35.Ke2 Kd7 36.Kd3 Kc6
37.Kc2 Bd8 38.Rb1 Ra2+ 39.Kd3 f5 40.h3 e5 41.f3 Rh2 42.g4 f4 43.Bg1 Rxh3
44.Ke4 Rh1 45.Ra1 Bh4 46.Bd4 Rh2 47.Bc3 Re2+ 48.Kf5 g6+ 49.Ke6 e4 50.Rd1 exf3+
51.Be5 f2  0-1

[Event "Festival de Meurthe-et-Moselle A"]
[Site "Nancy FRA"]
[Date "2006.02.26"]
[Round "9"]
[White "Govciyan,P"]
[Black "Nezar,M"]
[Result "1/2-1/2"]
[WhiteElo "2368"]
[BlackElo "2394"]

1.d4 Nf6 2.c4 e6 3.g3 c5 4.Nf3 cxd4 5.Nxd4 Qc7 6.Nc3 a6 7.Bg5 Be7 8.Rc1 h6
9.Be3 Nc6 10.Bg2 Ng4 11.Bf4 e5 12.Nd5 Qd8 13.Nxc6 dxc6 14.Nxe7 Qxe7 15.Bd2 O-O
16.h3 Nf6 17.O-O Rd8 18.Qe1 Bf5 19.Ba5 Rd7 20.Qb4  1/2-1/2

[Event "ch-ARG s/f"]
[Site "Buenos Aires ARG"]
[Date "2006.03.25"]
[Round "5"]
[White "Alza,A"]
[Black "Fiori,H"]
[Result "1/2-1/2"]
[WhiteElo "2084"]
[BlackElo "2180"]

1.d4 Nf6 2.c4 e6 3.g3 c5 4.d5 exd5 5.cxd5 d6 6.Nc3 g6 7.Nf3 Bg7 8.Bg2 O-O
9.O-O Na6 10.Nd2 Nc7 11.Nc4 b5 12.Nxd6 Qxd6 13.Bf4 Qb6 14.d6 Ne6 15.Bxa8 Nxf4
16.gxf4 Bh3 17.Bg2 Bxg2 18.Kxg2 Qc6+ 19.e4 b4 20.Nd5 Nxd5 21.Qxd5 Qxd5 22.exd5 Rd8
23.Rac1 Bd4 24.Rfd1 Rxd6 25.Rxd4 cxd4 26.Rc5 d3 27.Kf3 Ra6 28.Ke3 Kf8 29.Rb5 Rxa2
30.Rxb4 Ra5 31.Rd4 Rb5 32.b4 Ke7 33.Kxd3 a5 34.bxa5 Rxa5 35.d6+ Kd7 36.Ke4 Rh5
37.Rd2 Rxh2 38.f5 Rh4+ 39.f4 g5 40.Ke5 Rxf4 41.Ra2 Rf1 42.Ra7+ Ke8 43.Re7+ Kf8
44.f6 Re1+ 45.Kf5 Rf1+ 46.Kxg5 h6+ 47.Kxh6 Rxf6+ 48.Kg5 Rxd6 49.Ra7  1/2-1/2

[Event "XXXVII Open"]
[Site "Mar del Plata ARG"]
[Date "2006.04.09"]
[Round "3"]
[White "Bitelmajer,M"]
[Black "Bibiloni,J"]
[Result "1-0"]
[WhiteElo "2301"]
[BlackElo "2171"]

1.d4 Nf6 2.c4 e6 3.g3 c5 4.d5 exd5 5.cxd5 d6 6.Nc3 g6 7.Bg2 Bg7 8.Nf3 O-O
9.O-O a6 10.a4 Re8 11.Bf4 h6 12.Re1 g5 13.Bd2 Nbd7 14.h4 g4 15.Nh2 Ne5 16.Qc1 h5
17.Qc2 Bd7 18.Rab1 b5 19.axb5 axb5 20.b4 c4 21.Nf1 Ra3 22.Ne3 Qc8 23.Ra1 Rb3
24.Reb1 Rxb1+ 25.Qxb1 Ng6 26.Ra5 Nh7 27.Be4 Nhf8 28.Bf5 Rxe3 29.Bxd7 Rxg3+
30.fxg3 Qxd7 31.Qf1 Be5 32.Qf2 Qd8 33.Ne4 Nd7 34.Rxb5 Qe8 35.Ra5 Ne7 36.Bc3 f5
37.Bxe5 dxe5 38.Nd6 Qg6 39.Nxc4 f4 40.Ra8+ Nf8 41.Nxe5 Qb1+ 42.Qf1 Qxb4 43.Qxf4 Qe1+
44.Kg2 Qxe2+ 45.Qf2 Qxe5 46.Rxf8+ Kg7 47.Qf7+ Kh6 48.Qf6+ Qxf6 49.Rxf6+ Kg7
50.Rd6 Nf5 51.Re6 Kf7 52.Kf2 Ng7 53.Re5 Kf6 54.Rg5 Kf7 55.Ke3 Kf6 56.Kf4 Kf7
57.Rxg7+  1-0

[Event "43rd ch-IND"]
[Site "Visakhapatnam IND"]
[Date "2006.04.12"]
[Round "13"]
[White "Sriram,J"]
[Black "Sundararajan,K"]
[Result "0-1"]
[WhiteElo "2444"]
[BlackElo "2495"]

1.d4 Nf6 2.c4 e6 3.g3 c5 4.d5 exd5 5.cxd5 b5 6.Bg2 d6 7.e4 Bb7 8.Qe2 a6 9.a4 Nbd7
10.axb5 axb5 11.Rxa8 Qxa8 12.Qxb5 Be7 13.Ne2 O-O 14.Nbc3 Rb8 15.Qd3 Ne5 16.Qc2 Ba6
17.O-O Bd3 18.Qd2 Qa6 19.f4 Ned7 20.Rd1 c4 21.h3 Bd8 22.Kh2 Bb6 23.b3 Ba5
24.Nd4 Nc5 25.b4 Rxb4 26.e5 Nb3 27.Qe3 Rb8 28.exf6 Nxd4 29.Ne4 Nf5 30.Qf3 Re8
31.Nd2 h6 32.Bf1 Bc2 33.Bxc4 Bxd1 34.Bxa6 Bxf3 35.Nxf3 gxf6 36.g4 Ne7 37.Nd4 Nxd5
38.Nf5 Re1 39.Ba3 Bb4 40.Bb2 Ne7 41.Bd3 Rd1 42.Nxh6+ Kf8 43.Bxf6 Rxd3 44.Nf5 Nxf5  0-1

[Event "81st ch-ARG"]
[Site "San Luis ARG"]
[Date "2006.04.28"]
[Round "3"]
[White "Ricardi,P"]
[Black "Flores,Di"]
[Result "0-1"]
[WhiteElo "2515"]
[BlackElo "2494"]

1.d4 Nf6 2.c4 e6 3.g3 c5 4.Nf3 cxd4 5.Nxd4 d5 6.Bg2 e5 7.Nf3 d4 8.O-O Nc6
9.e3 Bc5 10.exd4 exd4 11.Re1+ Be6 12.Nbd2 O-O 13.Nb3 Bb6 14.c5 Bxb3 15.Qxb3 Bxc5
16.Qxb7 Nb4 17.Qb5 Qb6 18.Qxb6 axb6 19.Rd1 Nc2 20.Rb1 Rxa2 21.Bf4 Rd8 22.Bf1 Nd5
23.Bg5 f6 24.Bc4 Raa8 25.Bd2 Kf8 26.Rbc1 Ndb4 27.h4 Ra7 28.Kg2 Re7 29.Ne1 d3
30.Bxb4 Nxb4 31.Nxd3 Red7 32.Nxc5 Rxd1 33.Ne6+ Ke7 34.Rc3 Nd5 35.Bxd5 R8xd5
36.Nf4 Rc5 37.Rb3 Rd6 38.Ra3 g5 39.Re3+ Kf7 40.hxg5 fxg5 41.Nh5 Rd4 42.Kh3 g4+
43.Kh4 Rc1 44.Nf4 Rc2 45.Rb3 Rd6 46.Nd3 Kf6 47.Kxg4 Rd2 48.Nf4 Rxf2 49.Rb5 Rc2
50.Nd5+ Ke6 51.Nxb6 Rcc6 52.Na8 Rd4+ 53.Kh3 Rd8 54.Ra5 Rb8 55.Ra7 Kd6 56.b4 h6
57.g4 Rxb4 58.Rh7 Ke5  0-1

[Event "28th Nezhmetdinov mem"]
[Site "Kazan RUS"]
[Date "2006.06.09"]
[Round "9"]
[White "Ponfilenok,V"]
[Black "Iljin,A"]
[Result "0-1"]
[WhiteElo "2390"]
[BlackElo "2505"]

1.d4 Nf6 2.c4 e6 3.g3 c5 4.d5 exd5 5.cxd5 b5 6.Bg2 d6 7.e4 Nbd7 8.Ne2 g6
9.b4 Bg7 10.Bb2 cxb4 11.O-O Nc5 12.a3 bxa3 13.Nxa3 Ba6 14.Bd4 O-O 15.e5 Nfd7
16.exd6 Bxd4 17.Nxd4 b4 18.Nab5 Qb6 19.Nc7 Bxf1 20.Nxa8 Rxa8 21.Qxf1 Qxd6
22.Nb5 Qb6 23.d6 Rb8 24.Nxa7 Qxd6 25.Nc6 Rb6 26.Ra8+ Kg7 27.Qa1+ Qf6 28.Qxf6+ Kxf6
29.Ra1 b3 30.Rb1 b2 31.Nd4 Ne5 32.Bf1 Rb4 33.f4 Nc4 34.Nc2 Nd2 35.Nxb4 Nxb1
36.Nd5+ Ke6 37.Nc7+ Kd7 38.Nb5 Nd2 39.Na3 Kc6 40.Kf2 Nce4+ 41.Ke3 Nxf1+ 42.Kxe4 Nd2+
43.Kd4 Kd6  0-1

[Event "IM"]
[Site "Balatonlelle HUN"]
[Date "2006.06.24"]
[Round "8"]
[White "Porat,I"]
[Black "Szabo,Zso2"]
[Result "1-0"]
[WhiteElo "2346"]
[BlackElo "2460"]

1.d4 Nf6 2.c4 e6 3.g3 c5 4.d5 exd5 5.cxd5 d6 6.Nc3 g6 7.Bg2 Bg7 8.Nf3 O-O
9.O-O a6 10.a4 Nbd7 11.Nd2 Re8 12.h3 Rb8 13.Nc4 Nb6 14.Na3 Bd7 15.e4 Nc8
16.Qd3 h5 17.Bd2 Nh7 18.Kh1 Qf6 19.Be3 b5 20.axb5 axb5 21.Naxb5 Bxb5 22.Nxb5 Qxb2
23.Rab1 Qa2 24.Nc7 Rxb1 25.Qxb1 Qxb1 26.Rxb1 Re7 27.Na6 Nf6 28.Rb8 Re8 29.Nc7 Rf8
30.Nb5 Nd7 31.Rb7 Ne5 32.Bf1 f6 33.f4 Nf7 34.Nc7 Nd8 35.Rb8 Ne7 36.Bb5 Kf7
37.Bd7 f5 38.Nb5 fxe4 39.Nxd6+ Kg8 40.Bxc5 e3 41.Kg2 e2 42.Kf2 h4 43.Ne4 hxg3+
44.Nxg3 Rxf4+ 45.Kxe2 Nxd5 46.Be6+ Kh7 47.Bxd5 Nf7 48.Be3 Rh4 49.Bxf7 Be5
50.Rb6 Bxg3 51.Bxg6+ Kg7 52.Bf5 Be5 53.Bg5 Ra4 54.Rb7+ Kf8 55.Kf3 Ra1 56.Ke4 Re1+
57.Kd5 Bg3 58.Bh6+ Ke8 59.Bg6+ Kd8 60.Bg5+ Kc8 61.Re7 Ra1 62.Ke4 Bh4 63.Bf5+ Kb8
64.Bxh4 Ra4+ 65.Kf3 Rxh4 66.Kg3  1-0

[Event "Midnight Sun"]
[Site "Tromso NOR"]
[Date "2006.06.26"]
[Round "3"]
[White "Esbensen,Ar"]
[Black "Johannessen,LE"]
[Result "0-1"]
[WhiteElo "2244"]
[BlackElo "2559"]

1.d4 Nf6 2.c4 e6 3.g3 c5 4.d5 exd5 5.cxd5 d6 6.Nc3 g6 7.Bg2 Bg7 8.Nf3 O-O
9.O-O a6 10.a4 Re8 11.Re1 Nbd7 12.e4 Ng4 13.Ng5 Nge5 14.f4 h6 15.Nh3 Nc4
16.Bf1 Na5 17.Nf2 Nb6 18.h4 h5 19.Bd3 Bd7 20.Bc2 Nbc4 21.Ra2 b5 22.axb5 axb5
23.Ne2 Nb7 24.Rxa8 Qxa8 25.b3 Na3 26.f5 c4 27.fxg6 fxg6 28.Nf4 Nxc2 29.Qxc2 Qa5
30.Re2 cxb3 31.Qxb3 Nc5 32.Qb1 Qc3 33.Re3 Qa1 34.Qxa1 Bxa1 35.Kg2 b4 36.N2d3 Nxd3
37.Nxd3 Bd4 38.Re2 Bb5 39.Rd2 Bc3 40.Rd1 Rxe4 41.Kf3 Re8 42.Nf4 b3 43.Bd2 Bf6
44.Bc1 Bd7 45.Ne6 b2 46.Bg5 Bc3 47.Ke3 Ba4  0-1

[Event "II Balazs-Diak Cup U-18"]
[Site "Balatonlelle HUN"]
[Date "2006.07.01"]
[Round "1"]
[White "Rombaldoni,D"]
[Black "Teglas,B"]
[Result "1-0"]
[WhiteElo "2322"]
[BlackElo "1995"]

1.d4 Nf6 2.g3 e6 3.c4 c5 4.d5 exd5 5.cxd5 d6 6.Bg2 g6 7.Nc3 Bg7 8.Nf3 O-O
9.O-O a6 10.a4 Nbd7 11.Nd2 Rb8 12.a5 b5 13.axb6 Nxb6 14.e4 Ne8 15.Qe2 Nc7
16.f4 Re8 17.Qd3 f5 18.Kh1 Nba8 19.Nc4 fxe4 20.Bxe4 Nb5 21.Na5 Qf6 22.Nc6 Nxc3
23.bxc3 Qxc3 24.Qxc3 Bxc3 25.Ra3 Rb6 26.Bg2  1-0

[Event "II Balazs-Diak Cup U-18"]
[Site "Balatonlelle HUN"]
[Date "2006.07.03"]
[Round "3"]
[White "Toth,Dan2"]
[Black "Rombaldoni,D"]
[Result "0-1"]
[WhiteElo "2233"]
[BlackElo "2322"]

1.d4 Nf6 2.c4 e6 3.g3 c5 4.d5 exd5 5.cxd5 b5 6.a4 Bb7 7.Bg2 a6 8.Nh3 d6 9.O-O g6
10.Nf4 Bg7 11.axb5 axb5 12.Rxa8 Bxa8 13.Na3 b4 14.Nc4 O-O 15.e4 Nbd7 16.Re1 Nb6
17.Qc2 Nxc4 18.Qxc4 Nd7 19.Nd3 Qa5 20.Qc2 Bb7 21.Bf4 Ba6 22.b3 Bc3 23.Rc1 Qb6
24.Be3 Ra8 25.Bh3 Bxd3 26.Qxd3 Ne5 27.Qe2 Qa6 28.Qxa6 Rxa6 29.Bf1 Ra2 30.Bf4 Nf3+
31.Kg2 Ne1+ 32.Kh3 Rxf2 33.Bc4 Nf3 34.Bxd6 Ng5+ 35.Kg4 Nxe4 36.Bf4 h5+ 37.Kh3 g5
38.Bxg5 Nxg5+ 39.Kh4 Rxh2+  0-1

[Event "MTO Open"]
[Site "Biel SUI"]
[Date "2006.08.01"]
[Round "8"]
[White "Carron,J"]
[Black "Cvitan,O"]
[Result "0-1"]
[WhiteElo "2345"]
[BlackElo "2539"]

1.d4 Nf6 2.c4 e6 3.g3 c5 4.d5 exd5 5.cxd5 d6 6.Nc3 g6 7.Nf3 Bg7 8.Bg2 O-O
9.O-O Re8 10.Bf4 Na6 11.Re1 Bg4 12.h3 Bxf3 13.Bxf3 Nd7 14.Qb3 Ne5 15.Bg2 Rb8
16.Nb5 Qb6 17.Be3 Nc7 18.Nc3 Qa6 19.a4 Qc4 20.Qxc4 Nxc4 21.Bf4 Red8 22.Rec1 Nxb2
23.Ne4 Nxd5 24.Bxd6 Rbc8 25.Bxc5 b6 26.Bd6 Nc4 27.Rab1 Nxd6 28.Nxd6 Rxc1+
29.Rxc1 Nc3 30.Nb7 Rd2 31.Kf1 Ra2 32.Bc6 Nxe2 33.Re1 Nc3 34.Re8+ Bf8 35.Rc8 Rd2
36.Rc7 Bb4 37.Be8 Kf8 38.Bxf7 Ne4 39.Bc4 Rxf2+ 40.Kg1 Rc2 41.Rf7+ Ke8 42.Bd5 Rd2
43.Bc4 Ng5 44.Rc7 Nxh3+ 45.Kh1 Ng5 46.Kg1 Kf8 47.Bb5 Be7 48.Rc8+ Kg7 49.Rc7 Kf6
50.a5 Ne4 51.g4 bxa5 52.Nxa5 Bc5+  0-1

[Event "17th Jozef Kochan Mem"]
[Site "Koszalin POL"]
[Date "2006.08.04"]
[Round "1"]
[White "Bach,Mat"]
[Black "Puszczewicz,K"]
[Result "1-0"]
[WhiteElo "2339"]
[BlackElo "2134"]

1.d4 Nf6 2.c4 e6 3.g3 c5 4.Nf3 b6 5.Bg2 Bb7 6.d5 exd5 7.Nh4 g6 8.cxd5 Bg7
9.O-O O-O 10.Nc3 d6 11.e4 a6 12.a4 Re8 13.f4 Nbd7 14.e5 dxe5 15.f5 b5 16.axb5 axb5
17.Rxa8 Bxa8 18.fxg6 hxg6 19.Bg5 Qb6 20.d6 Bxg2 21.Nxg2 Re6 22.Ne3 b4 23.Bxf6 Nxf6
24.Nc4 Qc6 25.Qa4 Rxd6 26.Nxd6 Qxd6 27.Rd1 Qe6 28.Qa8+ Kh7 29.Ne4 Nxe4 30.Qxe4 c4
31.Rc1 c3 32.bxc3 bxc3 33.Rxc3 Qb6+ 34.Kg2 Qe6 35.g4 Bh6 36.h4 Bf4 37.Kf3 Qa6
38.Qc4 Qb7+ 39.Qc6 Qb1 40.Ke2 Qg1 41.Qf3 Kg7 42.h5 g5 43.Rc6 Qh2+ 44.Kd3 Qd2+
45.Kc4 Qa2+ 46.Kb5 Qb1+ 47.Ka6 e4 48.Qc3+ Kh7 49.Qf6 Qa2+ 50.Kb7 Qb3+ 51.Rb6 Qd5+
52.Qc6 Qxc6+ 53.Kxc6 e3 54.Rb2 Bg3 55.Kd5 Kg7 56.Ke4 Bf2 57.Kf5 f6 58.Rb7+ Kh6  1-0